Oligopolistic market behavior under deregulation /

Bibliographic Details
Main Author: Jang, Si-Young, 1952-
Other Authors: Hwang, Hae-shin (degree committee member.), Lane, Walter J. (degree committee member.), Newton, H. Joseph (degree committee member.)
Format: Thesis Book
Language:English
Published: 1986.
Subjects:
Online Access:Link to ProQuest copy
Link to OAKTrust copy
ProQuest, Abstract

MARC

Tag First Indicator Second Indicator Subfields
LEADER 00000ctm a2200000Ia 4500
001 in00000017888
005 20220104090826.0
008 880608s1986 xx a bm 000 0 eng d
035 |9 AAB0366AM 
035 |a (OCoLC)18054977 
035 |a (OCoLC)ocm18054977 
040 |a TXA  |b eng  |c TXA  |d OCLCQ  |d OCLCF  |d OCLCO  |d OCLCQ  |d UMI  |d TXA 
043 |a n-us--- 
049 |a TXAM 
099 |a 1986  |a Disser-  |a tation  |a J33 
100 1 |a Jang, Si-Young,  |d 1952- 
245 1 0 |a Oligopolistic market behavior under deregulation / 
264 1 |c 1986. 
300 |a ix, 110 leaves :  |b illustrations ;  |c 29 cm 
336 |a text  |b txt  |2 rdacontent 
337 |a unmediated  |b n  |2 rdamedia 
338 |a volume  |b nc  |2 rdacarrier 
500 |a "Major subject: Economics." 
500 |a Typescript (photocopy). 
500 |a Vita. 
502 |b Ph. D.  |c Texas A & M University  |d 1986 
504 |a Includes bibliographical references (leaves 106-109). 
520 3 |a This dissertation provides an alternative framework and hypothesis for the study of olygopoly markets when firms compete against rivals by means of price and quality. For the expositional case of study, we refer to the airline industry whose price, entry, and exit were highly regulated for 40 years (1938-1978). This study is made to analyze the price-quality rivalry game under regulation and deregulation. The analysis proceeds in three stages. First, this dissertation analyzes the quality adjustment process under regulation. Firms are assumed to have imperfect information concerning the cost conditions of their rivals. Market uncertainty owing to imperfect information determines the perceptions held by a firm regarding how its rivals will react to its own actions. With regard to this uncertainty, the dissertation shows: (1) How a firm acquires and uses available information. (2) Departing from the conventional Cournot-Nash conjecture, the model suggests an alternative hypothesis to conjectural variation, which may referred to as - "the cost based cojectural variation." (3) This dissertation suggests the efficient combination of two decision variables of a firm in the process of achieving profit maximization. Second, based on the results of the first stage, this dissertation analyzes the price and quality setting processes of firms when restrictions on price, entry and exit are removed. In addition, the change in market structure by deregulation is examined. This dissertation presents an alternative hypothesis about market leadership related to cost conditions. The change in price cannot be conducted without inducing a subsequent change in quality. Equilibrium price is determined by the cost conditions of entry where no quality competition occurs. The condition of survival for a existing firm under entry deregulation is discussed. Deregulation eliminates some uncertainty inherent in the market but fails to yields certainty. For the case of the airline industry, this dissertation shows that deregulation results in a lower price, a higher load factor, a higher quality, and a lower profit per unit of quality than those under regulation... 
650 0 |a Aeronautics, Commercial  |z United States. 
650 0 |a Airlines  |x Deregulation  |z United States. 
650 0 |a Oligopolies  |z United States. 
650 4 |a Major economics. 
650 7 |a Aeronautics, Commercial.  |2 fast  |0 (OCoLC)fst00798462 
650 7 |a Airlines  |x Deregulation.  |2 fast  |0 (OCoLC)fst00802964 
650 7 |a Oligopolies.  |2 fast  |0 (OCoLC)fst01045461 
651 7 |a United States.  |2 fast  |0 (OCoLC)fst01204155 
655 7 |a Academic theses  |2 lcgft 
700 1 |a Hwang, Hae-shin,  |e degree committee member. 
700 1 |a Lane, Walter J.,  |e degree committee member. 
700 1 |a Newton, H. Joseph,  |e degree committee member. 
700 1 |a Saving, Thomas R.,  |e degree supervisor. 
710 2 |a Texas A & M University,  |e degree granting institution. 
856 4 1 |u http://proxy.library.tamu.edu/login?url=http://proquest.umi.com/pqdweb?did=754245671&sid=1&Fmt=2&clientId=2945&RQT=309&VName=PQD  |z Link to ProQuest copy  |t 0 
856 4 1 |u https://hdl.handle.net/1969.1/DISSERTATIONS-24023  |z Link to OAKTrust copy  |t 0 
856 4 2 |3 ProQuest, Abstract  |u http://gateway.proquest.com/openurl?url_ver=Z39.88-2004&rft_val_fmt=info:ofi/fmt:kev:mtx:dissertation&res_dat=xri:pqm&rft_dat=xri:pqdiss:8614964  |t 0 
994 |a C0  |b TXA 
999 f f |s efd03a76-6a53-3950-99a3-3930b2db36a2  |i 7993d1fd-b894-3dca-8c5c-db343971c9a3  |t 0 
952 f f |p noncirc  |a Texas A&M University  |b J.J. Pickle Campus  |c High Density Repository  |s HDR  |d Remote Storage  |t 0  |e 1986 Dissertation J33  |h Other scheme  |i unmediated -- volume  |m A14839616005 
952 f f |a Texas A&M University  |b College Station  |c Electronic Resources  |s www_evans  |d Available Online  |t 0  |e 1986 Dissertation J33  |h Other scheme 
998 f f |a 1986 Dissertation J33  |t 0  |l Remote Storage 
998 f f |a 1986 Dissertation J33  |t 0  |l Available Online